<?xml version="1.0" encoding="UTF-8"?>
<record
    xmlns:xsi="http://www.w3.org/2001/XMLSchema-instance"
    xsi:schemaLocation="http://www.loc.gov/MARC21/slim http://www.loc.gov/standards/marcxml/schema/MARC21slim.xsd"
    xmlns="http://www.loc.gov/MARC21/slim">

  <leader>00533nam a22001577a 4500</leader>
  <controlfield tag="003">OSt</controlfield>
  <controlfield tag="005">20151201110452.0</controlfield>
  <controlfield tag="008">151201b        xxu||||| |||| 00| 0 eng d</controlfield>
  <datafield tag="040" ind1=" " ind2=" ">
    <subfield code="c">RUA</subfield>
  </datafield>
  <datafield tag="082" ind1=" " ind2=" ">
    <subfield code="a">FIS NAM  1999 B171 Or.1</subfield>
  </datafield>
  <datafield tag="100" ind1=" " ind2=" ">
    <subfield code="9">4064</subfield>
    <subfield code="a">NAM SOKLEANG</subfield>
  </datafield>
  <datafield tag="245" ind1=" " ind2=" ">
    <subfield code="a">Mekong river flow data analysis,&#x200B; &#x1780;&#x17B6;&#x179A;&#x179C;&#x17B7;&#x1797;&#x17B6;&#x1782;&#x1791;&#x17B7;&#x1793;&#x17D2;&#x1793;&#x1793;&#x17D0;&#x1799;&#x1780;&#x17C6;&#x179A;&#x17B7;&#x178F;&#x1792;&#x17B6;&#x179A;&#x1791;&#x17B9;&#x1780;&#x17A0;&#x17BC;&#x179A;&#x179A;&#x1794;&#x179F;&#x17CB;&#x1791;&#x1793;&#x17D2;&#x179B;&#x17C1;&#x1798;&#x17C1;&#x1782;&#x1784;&#x17D2;&#x1782;.</subfield>
  </datafield>
  <datafield tag="260" ind1=" " ind2=" ">
    <subfield code="a">Phnom Penh </subfield>
    <subfield code="b">RUA</subfield>
    <subfield code="c">1999</subfield>
  </datafield>
  <datafield tag="300" ind1=" " ind2=" ">
    <subfield code="a">50p.</subfield>
    <subfield code="b">ill.</subfield>
    <subfield code="c">29cm.</subfield>
  </datafield>
  <datafield tag="942" ind1=" " ind2=" ">
    <subfield code="2">ddc</subfield>
    <subfield code="c">FIS</subfield>
  </datafield>
  <datafield tag="999" ind1=" " ind2=" ">
    <subfield code="c">3783</subfield>
    <subfield code="d">3783</subfield>
  </datafield>
  <datafield tag="952" ind1=" " ind2=" ">
    <subfield code="0">0</subfield>
    <subfield code="1">0</subfield>
    <subfield code="2">ddc</subfield>
    <subfield code="4">0</subfield>
    <subfield code="6">FIS_NAM_1999_000000000000000_B171_OR_1</subfield>
    <subfield code="7">0</subfield>
    <subfield code="9">19107</subfield>
    <subfield code="a">LBB</subfield>
    <subfield code="b">LBB</subfield>
    <subfield code="c">B171</subfield>
    <subfield code="d">2015-12-01</subfield>
    <subfield code="o">FIS NAM  1999 B171 Or.1</subfield>
    <subfield code="p">RUA025804</subfield>
    <subfield code="r">2015-12-01</subfield>
    <subfield code="w">2015-12-01</subfield>
    <subfield code="y">FIS</subfield>
  </datafield>
  <datafield tag="952" ind1=" " ind2=" ">
    <subfield code="0">0</subfield>
    <subfield code="1">0</subfield>
    <subfield code="2">ddc</subfield>
    <subfield code="4">0</subfield>
    <subfield code="6">FIS_NAM_1999_000000000000000_B171_OR_2</subfield>
    <subfield code="7">0</subfield>
    <subfield code="9">19108</subfield>
    <subfield code="a">LBB</subfield>
    <subfield code="b">LBB</subfield>
    <subfield code="c">B171</subfield>
    <subfield code="d">2015-12-01</subfield>
    <subfield code="o">FIS NAM  1999 B171 Or.2</subfield>
    <subfield code="p">RUA025530</subfield>
    <subfield code="r">2015-12-01</subfield>
    <subfield code="w">2015-12-01</subfield>
    <subfield code="y">FIS</subfield>
  </datafield>
  <datafield tag="952" ind1=" " ind2=" ">
    <subfield code="0">0</subfield>
    <subfield code="1">0</subfield>
    <subfield code="2">ddc</subfield>
    <subfield code="4">0</subfield>
    <subfield code="6">FIS_NAM_1999_000000000000000_B171_OR_3</subfield>
    <subfield code="7">0</subfield>
    <subfield code="9">19109</subfield>
    <subfield code="a">LBB</subfield>
    <subfield code="b">LBB</subfield>
    <subfield code="c">B171</subfield>
    <subfield code="d">2015-12-01</subfield>
    <subfield code="o">FIS NAM  1999 B171 Or.3</subfield>
    <subfield code="p">RUA025835</subfield>
    <subfield code="r">2015-12-01</subfield>
    <subfield code="w">2015-12-01</subfield>
    <subfield code="y">FIS</subfield>
  </datafield>
  <datafield tag="952" ind1=" " ind2=" ">
    <subfield code="0">0</subfield>
    <subfield code="1">0</subfield>
    <subfield code="2">ddc</subfield>
    <subfield code="4">0</subfield>
    <subfield code="6">FIS_NAM_1999_000000000000000_B171_OR_4</subfield>
    <subfield code="7">0</subfield>
    <subfield code="9">19110</subfield>
    <subfield code="a">LBB</subfield>
    <subfield code="b">LBB</subfield>
    <subfield code="c">B171</subfield>
    <subfield code="d">2015-12-01</subfield>
    <subfield code="o">FIS NAM  1999 B171 Or.4</subfield>
    <subfield code="p">RUA025617</subfield>
    <subfield code="r">2015-12-01</subfield>
    <subfield code="w">2015-12-01</subfield>
    <subfield code="y">FIS</subfield>
  </datafield>
  <datafield tag="952" ind1=" " ind2=" ">
    <subfield code="0">0</subfield>
    <subfield code="1">0</subfield>
    <subfield code="2">ddc</subfield>
    <subfield code="4">0</subfield>
    <subfield code="6">FIS_NAM_1999_000000000000000_B171_OR_5</subfield>
    <subfield code="7">0</subfield>
    <subfield code="9">19111</subfield>
    <subfield code="a">LBB</subfield>
    <subfield code="b">LBB</subfield>
    <subfield code="c">B171</subfield>
    <subfield code="d">2015-12-01</subfield>
    <subfield code="o">FIS NAM  1999 B171 Or.5</subfield>
    <subfield code="p">RUA036860</subfield>
    <subfield code="r">2015-12-01</subfield>
    <subfield code="w">2015-12-01</subfield>
    <subfield code="y">FIS</subfield>
  </datafield>
  <datafield tag="952" ind1=" " ind2=" ">
    <subfield code="0">0</subfield>
    <subfield code="1">0</subfield>
    <subfield code="2">ddc</subfield>
    <subfield code="4">0</subfield>
    <subfield code="6">FIS_NAM_1999_000000000000000_B171_OR_6</subfield>
    <subfield code="7">0</subfield>
    <subfield code="9">19112</subfield>
    <subfield code="a">LBB</subfield>
    <subfield code="b">LBB</subfield>
    <subfield code="c">B171</subfield>
    <subfield code="d">2015-12-01</subfield>
    <subfield code="o">FIS NAM  1999 B171 Or.6</subfield>
    <subfield code="p">RUA027039</subfield>
    <subfield code="r">2015-12-01</subfield>
    <subfield code="w">2015-12-01</subfield>
    <subfield code="y">FIS</subfield>
  </datafield>
  <datafield tag="952" ind1=" " ind2=" ">
    <subfield code="0">0</subfield>
    <subfield code="1">0</subfield>
    <subfield code="2">ddc</subfield>
    <subfield code="4">0</subfield>
    <subfield code="6">FIS_NAM_1999_000000000000000_B171_OR_7</subfield>
    <subfield code="7">0</subfield>
    <subfield code="9">19113</subfield>
    <subfield code="a">LBB</subfield>
    <subfield code="b">LBB</subfield>
    <subfield code="c">B171</subfield>
    <subfield code="d">2015-12-01</subfield>
    <subfield code="o">FIS NAM  1999 B171 Or.7</subfield>
    <subfield code="p">RUA027207</subfield>
    <subfield code="r">2015-12-01</subfield>
    <subfield code="w">2015-12-01</subfield>
    <subfield code="y">FIS</subfield>
  </datafield>
  <datafield tag="952" ind1=" " ind2=" ">
    <subfield code="0">0</subfield>
    <subfield code="1">0</subfield>
    <subfield code="2">ddc</subfield>
    <subfield code="4">0</subfield>
    <subfield code="6">FIS_NAM_1999_000000000000000_B171_OR_8</subfield>
    <subfield code="7">0</subfield>
    <subfield code="9">19114</subfield>
    <subfield code="a">LBB</subfield>
    <subfield code="b">LBB</subfield>
    <subfield code="c">B171</subfield>
    <subfield code="d">2015-12-01</subfield>
    <subfield code="o">FIS NAM  1999 B171 Or.8</subfield>
    <subfield code="p">RUA027457</subfield>
    <subfield code="r">2015-12-01</subfield>
    <subfield code="w">2015-12-01</subfield>
    <subfield code="y">FIS</subfield>
  </datafield>
  <datafield tag="952" ind1=" " ind2=" ">
    <subfield code="0">0</subfield>
    <subfield code="1">0</subfield>
    <subfield code="2">ddc</subfield>
    <subfield code="4">0</subfield>
    <subfield code="6">FIS_NAM_1999_000000000000000_B171_OR_9</subfield>
    <subfield code="7">0</subfield>
    <subfield code="9">19115</subfield>
    <subfield code="a">LBB</subfield>
    <subfield code="b">LBB</subfield>
    <subfield code="c">B171</subfield>
    <subfield code="d">2015-12-01</subfield>
    <subfield code="o">FIS NAM  1999 B171 Or.9</subfield>
    <subfield code="p">RUA025955</subfield>
    <subfield code="r">2015-12-01</subfield>
    <subfield code="w">2015-12-01</subfield>
    <subfield code="y">FIS</subfield>
  </datafield>
  <datafield tag="952" ind1=" " ind2=" ">
    <subfield code="0">0</subfield>
    <subfield code="1">0</subfield>
    <subfield code="2">ddc</subfield>
    <subfield code="4">0</subfield>
    <subfield code="6">FIS_NAM_1999_000000000000000_B171_OR_10</subfield>
    <subfield code="7">0</subfield>
    <subfield code="9">19116</subfield>
    <subfield code="a">LBB</subfield>
    <subfield code="b">LBB</subfield>
    <subfield code="c">B171</subfield>
    <subfield code="d">2015-12-01</subfield>
    <subfield code="o">FIS NAM  1999 B171 Or.10</subfield>
    <subfield code="p">RUA025516</subfield>
    <subfield code="r">2015-12-01</subfield>
    <subfield code="w">2015-12-01</subfield>
    <subfield code="y">FIS</subfield>
  </datafield>
  <datafield tag="952" ind1=" " ind2=" ">
    <subfield code="0">0</subfield>
    <subfield code="1">0</subfield>
    <subfield code="2">ddc</subfield>
    <subfield code="4">0</subfield>
    <subfield code="6">FIS_NAM_1999_000000000000000_B171_OR_11</subfield>
    <subfield code="7">0</subfield>
    <subfield code="9">19117</subfield>
    <subfield code="a">LBB</subfield>
    <subfield code="b">LBB</subfield>
    <subfield code="c">B171</subfield>
    <subfield code="d">2015-12-01</subfield>
    <subfield code="o">FIS NAM  1999 B171 Or.11</subfield>
    <subfield code="p">RUA025876</subfield>
    <subfield code="r">2015-12-01</subfield>
    <subfield code="w">2015-12-01</subfield>
    <subfield code="y">FIS</subfield>
  </datafield>
  <datafield tag="952" ind1=" " ind2=" ">
    <subfield code="0">0</subfield>
    <subfield code="1">0</subfield>
    <subfield code="2">ddc</subfield>
    <subfield code="4">0</subfield>
    <subfield code="6">FIS_NAM_1999_000000000000000_B171_OR_12</subfield>
    <subfield code="7">0</subfield>
    <subfield code="9">19118</subfield>
    <subfield code="a">LBB</subfield>
    <subfield code="b">LBB</subfield>
    <subfield code="c">B171</subfield>
    <subfield code="d">2015-12-01</subfield>
    <subfield code="l">1</subfield>
    <subfield code="o">FIS NAM  1999 B171 Or.12</subfield>
    <subfield code="p">RUA025732</subfield>
    <subfield code="r">2018-11-20</subfield>
    <subfield code="s">2018-11-16</subfield>
    <subfield code="w">2015-12-01</subfield>
    <subfield code="y">FIS</subfield>
  </datafield>
</record>
